[Event "II Open A"]
[Site "Gioiosa Marea ITA"]
[Date "1996.09.??"]
[Round "?"]
[White "Naumkin, Igor"]
[Black "Militello, Vincenzo"]
[Result "0-1"]
[WhiteElo "2430"]
[BlackElo "1815"]
[PlyCount "63"]
[EventDate "1996.09.01"]

1. d4 d6 2. Nf3 Nf6 3. c4 Nbd7 4. Nc3 e5 5. e4 Be7 6. Be2 c5 7. d5 a6 8. O-O
O-O 9. Ne1 Ne8 10. Nd3 Nb6 11. b3 f5 12. exf5 Bxf5 13. f4 e4 14. Ne1 Bf6 15.
Bb2 Bd4+ 16. Kh1 Qh4 17. g3 Qh3 18. Nc2 Nf6 19. Nxd4 Ng4 20. Bxg4 Bxg4 21. Qd2
cxd4 22. Nxe4 Nd7 23. Qxd4 Ne5 24. Nxd6 Bf3+ 25. Rxf3 Qxh2+ 26. Kxh2 Nxf3+ 27.
Kg2 Nxd4 28. Bxd4 b5 29. c5 Rfd8 30. Re1 Kf8 31. c6 Kg8 32. Re6 0-1

[Event "II Open A"]
[Site "Gioiosa Marea ITA"]
[Date "1996.09.??"]
[Round "?"]
[White "Naumkin, Igor"]
[Black "Munafo', Pietro"]
[Result "1-0"]
[WhiteElo "2430"]
[BlackElo "1905"]
[PlyCount "72"]
[EventDate "1996.09.01"]

1. d4 d5 2. c4 dxc4 3. Nf3 Nf6 4. e3 e6 5. Bxc4 c5 6. O-O Be7 7. Qe2 O-O 8.
dxc5 Bxc5 9. a3 a6 10. b4 Be7 11. Bb2 b5 12. Bd3 Ra7 13. Nbd2 Nd5 14. Rac1 Nd7
15. Bb1 Bf6 16. Nd4 Rc7 17. Ne4 Bb7 18. Nxf6+ N7xf6 19. e4 Nf4 20. Qe3 Rxc1 21.
Rxc1 e5 22. Nf5 Ng4 23. Qf3 h5 24. Rd1 Qg5 25. Nd6 Bc8 26. h3 Nf6 27. h4 Qxh4
28. Bxe5 Ng6 29. Bxf6 Qxf6 30. Qxf6 gxf6 31. Ba2 Ne5 32. f4 Nc4 33. Nxc4 bxc4
34. Bxc4 Be6 35. Bxa6 Kh7 36. Bd3 Re8 1-0

[Event "II Open A"]
[Site "Gioiosa Marea ITA"]
[Date "1996.09.??"]
[Round "?"]
[White "Pascarelli, Andrea"]
[Black "Barlov, Dragan"]
[Result "0-1"]
[WhiteElo "1848"]
[BlackElo "2455"]
[PlyCount "72"]
[EventDate "1996.09.01"]

1. d4 d6 2. c4 e5 3. dxe5 dxe5 4. Qxd8+ Kxd8 5. g3 Nc6 6. Nf3 f6 7. Be3 Nb4 8.
Na3 c6 9. Bg2 Kc7 10. O-O Be6 11. Rfc1 Ne7 12. Nc2 Nf5 13. Bd2 Nxc2 14. Rxc2
Rd8 15. c5 e4 16. Bf4+ Kc8 17. Ne1 Nd4 18. Rd2 Bxc5 19. Bxe4 Bb4 20. Rdd1 Nxe2+
21. Kg2 Nxf4+ 22. gxf4 f5 23. Nc2 Bd2 24. Bf3 Bxf4 25. Nd4 Bd7 26. a4 g5 27.
Be2 c5 28. Nb3 Bc6+ 29. Bf3 Bxf3+ 30. Kxf3 b6 31. h3 Kb7 32. a5 Kc6 33. axb6
axb6 34. Rxd8 Rxd8 35. Ke2 c4 36. Nc1 Rd2+ 0-1

[Event "II Open A"]
[Site "Gioiosa Marea ITA"]
[Date "1996.09.??"]
[Round "?"]
[White "Pascarelli, Andrea"]
[Black "De Marco, Ivan"]
[Result "1/2-1/2"]
[WhiteElo "1848"]
[BlackElo "1661"]
[PlyCount "54"]
[EventDate "1996.09.01"]

1. d4 d5 2. c4 c6 3. Nf3 Nf6 4. Nc3 e6 5. Qc2 Nbd7 6. e3 Be7 7. b3 O-O 8. Bd3
h6 9. O-O c5 10. cxd5 exd5 11. Bb2 cxd4 12. Nxd4 Nc5 13. Nf5 Nxd3 14. Nxe7+
Qxe7 15. Qxd3 Rd8 16. Rfd1 Be6 17. Nb5 a6 18. Nd4 Rac8 19. Nf5 Bxf5 20. Qxf5
Qe4 21. Qxe4 Nxe4 22. Rac1 Ng5 23. Kf1 Rxc1 24. Rxc1 Ne6 25. Rd1 f5 26. h3 Kf7
27. Ke2 f4 1/2-1/2

[Event "II Open A"]
[Site "Gioiosa Marea ITA"]
[Date "1996.09.??"]
[Round "?"]
[White "Pascarelli, Andrea"]
[Black "Militello, Vincenzo"]
[Result "1/2-1/2"]
[WhiteElo "1848"]
[BlackElo "1815"]
[PlyCount "123"]
[EventDate "1996.09.01"]

1. d4 d6 2. c4 Nf6 3. Nc3 Nbd7 4. Nf3 e5 5. d5 Be7 6. e4 O-O 7. Be2 Nc5 8. Qc2
a5 9. Be3 Bg4 10. Bxc5 Bxf3 11. Bxf3 dxc5 12. Nd1 Ne8 13. Qc3 Nd6 14. Rb1 b5
15. Ne3 bxc4 16. Nxc4 Nxc4 17. Qxc4 Rb8 18. a3 Rb6 19. O-O Qb8 20. Qc3 Bd6 21.
Bd1 Qa7 22. Ba4 Rfb8 23. Rfe1 Qb7 24. Bc6 Qc8 25. Ba4 h6 26. Re2 f5 27. f4 fxe4
28. fxe5 Qg4 29. Rbe1 Be7 30. Rxe4 Qf5 31. R4e2 Kh8 32. d6 cxd6 33. exd6 Bf6
34. Re8+ Rxe8 35. Rxe8+ Kh7 36. Bc2 Bd4+ 37. Qxd4 Qxc2 38. Qe4+ Qxe4 39. Rxe4
Rxd6 40. Re5 Rc6 41. Kf2 Kg6 42. Ke3 Rb6 43. Rxc5 Rxb2 44. Rxa5 Rxg2 45. h4 Kf6
46. h5 Rh2 47. a4 g5 48. hxg6 Rh3+ 49. Kf4 Kxg6 50. Kg4 Rh1 51. Ra8 h5+ 52. Kg3
h4+ 53. Kg2 Ra1 54. Kh3 Kg5 55. Ra5+ Kf4 56. Ra8 Rh1+ 57. Kg2 Ra1 58. Rf8+ Kg5
59. Rg8+ Kh6 60. Rh8+ Kg5 61. Rg8+ Kf5 62. Rf8+ 1/2-1/2

[Event "II Open A"]
[Site "Gioiosa Marea ITA"]
[Date "1996.09.??"]
[Round "?"]
[White "Pascarelli, Andrea"]
[Black "Natoli, Domenico"]
[Result "1-0"]
[WhiteElo "1848"]
[BlackElo "1761"]
[PlyCount "61"]
[EventDate "1996.09.01"]

1. d4 d5 2. c4 c6 3. Nf3 Nf6 4. Nc3 e6 5. Qc2 dxc4 6. a4 Nd5 7. e4 Nxc3 8. bxc3
b5 9. Be2 Bb7 10. O-O a6 11. Be3 Be7 12. Nd2 Nd7 13. f4 c5 14. f5 e5 15. d5 Nb6
16. Nf3 f6 17. Nh4 O-O 18. Qb1 Qd7 19. Qd1 Nxa4 20. Rxa4 bxa4 21. d6 Qxd6 22.
Bxc4+ Rf7 23. Qh5 Raf8 24. Ng6 Rd8 25. Bxf7+ Kxf7 26. Nxe5+ Kg8 27. Nf7 Qd3 28.
Nxd8 Qxe3+ 29. Kh1 g6 30. fxg6 Kf8 31. gxh7 1-0

[Event "II Open A"]
[Site "Gioiosa Marea ITA"]
[Date "1996.09.??"]
[Round "?"]
[White "Ragonese, Lucio Rosario"]
[Black "Barlov, Dragan"]
[Result "0-1"]
[WhiteElo "2052"]
[BlackElo "2455"]
[PlyCount "62"]
[EventDate "1996.09.01"]

1. d4 g6 2. Nf3 Bg7 3. Bg5 h6 4. Bf4 d6 5. e3 Nd7 6. Bc4 e5 7. dxe5 dxe5 8. Bg3
Qe7 9. Nc3 Ngf6 10. Nd5 Nxd5 11. Bxd5 c6 12. Bb3 Nc5 13. O-O h5 14. h4 Bg4 15.
Qe1 Bxf3 16. gxf3 Bf6 17. Qb4 a5 18. Qd2 Bxh4 19. Rfd1 Bxg3 20. fxg3 Qg5 21.
Kf2 O-O 22. Qd6 Nxb3 23. axb3 Rfe8 24. Qc7 e4 25. Qf4 Qc5 26. Rd2 Rad8 27. Rad1
Rxd2+ 28. Rxd2 exf3 29. Kxf3 Qe7 30. Rd6 Rd8 31. Rf6 Kg7 0-1

[Event "II Open A"]
[Site "Gioiosa Marea ITA"]
[Date "1996.09.??"]
[Round "?"]
[White "Ragonese, Lucio Rosario"]
[Black "De Marco, Ivan"]
[Result "1-0"]
[WhiteElo "2052"]
[BlackElo "1661"]
[PlyCount "67"]
[EventDate "1996.09.01"]

1. d4 d5 2. Nf3 Nf6 3. Bg5 Nbd7 4. Nbd2 e6 5. e3 c5 6. c3 Be7 7. Bd3 h6 8. Bf4
Nh5 9. Bg3 c4 10. Bc2 Nxg3 11. hxg3 b5 12. e4 b4 13. a4 bxa3 14. bxa3 Qa5 15.
Nb1 Rb8 16. O-O O-O 17. Qe2 dxe4 18. Bxe4 Nf6 19. Bc2 Qh5 20. Re1 Ng4 21. Qxc4
Bb7 22. Nbd2 Rfc8 23. Qd3 g6 24. Rab1 Bg5 25. Ne4 Rd8 26. Rb4 a5 27. Rxb7 Rxb7
28. Qa6 Rb2 29. Bd3 Rdb8 30. c4 Be3 31. fxe3 Rxg2+ 32. Kxg2 Rb2+ 33. Kg1 Nxe3
34. Nf6+ 1-0

[Event "II Open A"]
[Site "Gioiosa Marea ITA"]
[Date "1996.09.??"]
[Round "?"]
[White "Ragonese, Lucio Rosario"]
[Black "De Santis, Alessio"]
[Result "0-1"]
[WhiteElo "2052"]
[BlackElo "2320"]
[PlyCount "54"]
[EventDate "1996.09.01"]

1. d4 Nf6 2. Nf3 g6 3. Bg5 Bg7 4. Nbd2 d6 5. e3 O-O 6. Bd3 Nbd7 7. c3 b6 8. Qb3
Bb7 9. h4 c5 10. g4 d5 11. Qc2 c4 12. Be2 b5 13. h5 Nxg4 14. hxg6 fxg6 15. Bf4
e5 16. dxe5 Ndxe5 17. Rxh7 Kxh7 18. Ng5+ Qxg5 19. Bxg5 Nxf2 20. Bf4 Ned3+ 21.
Bxd3 Nxd3+ 22. Ke2 Rae8 23. Rh1+ Kg8 24. Bh6 d4 25. Bxg7 Rf2+ 26. Kd1 Kxg7 27.
Rf1 dxe3 0-1

[Event "II Open A"]
[Site "Gioiosa Marea ITA"]
[Date "1996.09.??"]
[Round "?"]
[White "Ragonese, Lucio Rosario"]
[Black "Napoli Costa, Aurelio"]
[Result "1/2-1/2"]
[WhiteElo "2052"]
[BlackElo "2043"]
[PlyCount "83"]
[EventDate "1996.09.01"]

1. d4 Nf6 2. Nf3 g6 3. Bg5 Bg7 4. Nbd2 d5 5. e3 O-O 6. Bd3 Nbd7 7. c3 c5 8. Qc2
Re8 9. O-O-O c4 10. Be2 e5 11. dxe5 Nxe5 12. Nxe5 Rxe5 13. Nf3 Rxg5 14. Nxg5
Bf5 15. Qa4 h6 16. Nf3 b5 17. Qa6 Ne4 18. Rhf1 Rb8 19. Nd4 b4 20. Nxf5 gxf5 21.
Bxc4 bxc3 22. b3 Nd2 23. Bd3 Nxf1 24. Rxf1 Rb6 25. Qa3 Qf6 26. Kc2 a6 27. Qc5
Qe6 28. Qc7 Be5 29. Qd8+ Kg7 30. g4 fxg4 31. Rg1 Bf6 32. Qc7 Rc6 33. Qf4 h5 34.
h3 Qe7 35. hxg4 Qa3 36. gxh5+ Kf8 37. Qb8+ Ke7 38. Qb7+ Kd6 39. Qb8+ Rc7 40.
Qb6+ Rc6 41. Qb8+ Ke6 42. Qe8+ 1/2-1/2

[Event "II Open A"]
[Site "Gioiosa Marea ITA"]
[Date "1996.09.??"]
[Round "?"]
[White "Ragonese, Lucio Rosario"]
[Black "Natoli, Domenico"]
[Result "0-1"]
[WhiteElo "2052"]
[BlackElo "1761"]
[PlyCount "110"]
[EventDate "1996.09.01"]

1. d4 d5 2. Nf3 Nf6 3. Bg5 Ne4 4. Bf4 c5 5. e3 Qb6 6. Qc1 Bf5 7. c3 e6 8. Nbd2
Be7 9. Be2 O-O 10. O-O Nd7 11. Nxe4 Bxe4 12. Qd2 c4 13. Ne5 Nxe5 14. Bxe5 Bd6
15. Bxd6 Qxd6 16. f3 Bg6 17. e4 b5 18. e5 Qe7 19. f4 Rab8 20. g4 Qd7 21. h4 h6
22. h5 Bh7 23. g5 Qe7 24. gxh6 Qh4 25. Bf3 Qg3+ 26. Bg2 gxh6 27. Rf3 Qh4 28.
Rh3 Qg4 29. Kf2 Kh8 30. Rg3 Qf5 31. Bf3 Qc2 32. Ke3 Qxd2+ 33. Kxd2 b4 34. Bd1
bxc3+ 35. Kxc3 Rg8 36. Rxg8+ Rxg8 37. b3 Rg3+ 38. Kb4 Rd3 39. Kc5 c3 40. Bc2
Rh3 41. Bxh7 Kxh7 42. Rc1 Rxh5 43. Rxc3 Rh2 44. a4 h5 45. Kb5 Rb2 46. Ka6 Kg6
47. Kxa7 Kf5 48. Kb6 Kg4 49. a5 h4 50. a6 h3 51. Rxh3 Kxh3 52. b4 Kg4 53. a7
Kxf4 54. b5 Ke4 55. Kb7 Kxd4 0-1

[Event "II Open A"]
[Site "Gioiosa Marea ITA"]
[Date "1996.09.??"]
[Round "?"]
[White "Scattareggia, Domenico"]
[Black "Alfarone, Giovanni"]
[Result "0-1"]
[WhiteElo "1911"]
[BlackElo "1942"]
[PlyCount "100"]
[EventDate "1996.09.01"]

1. e4 d6 2. d4 Nf6 3. Nc3 c6 4. f4 Qa5 5. Bd3 e5 6. Nf3 Bg4 7. Be3 Qb6 8. Na4
Qa5+ 9. c3 b5 10. fxe5 Nfd7 11. exd6 Qxa4 12. b3 Qa5 13. b4 Qa3 14. Qc2 Bxd6
15. O-O a5 16. e5 Be7 17. Bc1 Qa4 18. Qf2 axb4 19. Ng5 f6 20. Qh4 fxg5 21. Qxg4
bxc3 22. Qh5+ Kd8 23. Be3 c2 24. Rf7 Qa3 25. Qe2 Qb2 26. Rc1 Qxa2 27. Rxe7 Kxe7
28. Bxg5+ Ke8 29. e6 Nf6 30. Bxf6 gxf6 31. Qh5+ Kd8 32. Qf7 Re8 33. Qxf6+ Kc8
34. Bf5 Ra7 35. h3 Rae7 36. Rxc2 Qd5 37. Rc5 Qd6 38. Bg4 Kc7 39. Rg5 Rxe6 40.
Bxe6 Rxe6 41. Rg7+ Nd7 42. Qf2 Re4 43. d5 c5 44. Qd2 Ra4 45. g3 Ra1+ 46. Kh2 b4
47. h4 b3 48. Kh3 Qf6 49. Rg4 Qf3 50. d6+ Kc6 0-1

[Event "II Open A"]
[Site "Gioiosa Marea ITA"]
[Date "1996.09.??"]
[Round "?"]
[White "Scattareggia, Domenico"]
[Black "Bonanzinga, Corrado"]
[Result "1-0"]
[WhiteElo "1911"]
[BlackElo "2007"]
[PlyCount "89"]
[EventDate "1996.09.01"]

1. e4 e5 2. Nf3 Nc6 3. Bb5 a6 4. Ba4 Nf6 5. O-O Be7 6. Re1 b5 7. Bb3 d6 8. c3
O-O 9. h3 Na5 10. Bc2 c5 11. d4 Qc7 12. Nbd2 Bd7 13. Nf1 cxd4 14. cxd4 Nc6 15.
Be3 Nb4 16. Bb1 Rac8 17. Re2 Qb8 18. a3 Nc6 19. Bd3 d5 20. dxe5 Nxe5 21. Nxe5
Qxe5 22. f4 Qc7 23. Rc1 Qb7 24. e5 Ne4 25. Rec2 f5 26. Qh5 g6 27. Qh6 Be6 28.
Bxe4 dxe4 29. Ng3 Bb3 30. Rc3 Rfd8 31. Kh2 Rxc3 32. Rxc3 Rd3 33. Nxf5 Bf8 34.
Qg5 Qd7 35. Nh6+ Kh8 36. Ng4 Be6 37. Nf6 Qf7 38. Nxe4 Be7 39. Rxd3 Bxg5 40.
Nxg5 Qf5 41. Rd6 Bc4 42. e6 Bxe6 43. Rxe6 h6 44. Re8+ Kg7 45. Bd4+ 1-0

[Event "II Open A"]
[Site "Gioiosa Marea ITA"]
[Date "1996.09.??"]
[Round "?"]
[White "Scattareggia, Domenico"]
[Black "Militello, Vincenzo"]
[Result "1-0"]
[WhiteElo "1911"]
[BlackElo "1815"]
[PlyCount "55"]
[EventDate "1996.09.01"]

1. e4 Nf6 2. e5 Nd5 3. c4 Nb6 4. d4 d6 5. f4 dxe5 6. fxe5 Nc6 7. Nf3 Bg4 8. Be3
e6 9. Be2 Bxf3 10. gxf3 Qh4+ 11. Bf2 Qh3 12. d5 Bb4+ 13. Nc3 Bxc3+ 14. bxc3
Nxe5 15. Bg3 Qf5 16. f4 Qe4 17. O-O Nexc4 18. Bf3 Qe3+ 19. Bf2 Qd2 20. Qb3 Qb2
21. dxe6 Qxb3 22. axb3 Nd2 23. Bxb7 Nxf1 24. Bxb6 cxb6 25. Bxa8 Nd2 26. Rxa7
O-O 27. e7 Rc8 28. Bc6 1-0

[Event "II Open A"]
[Site "Gioiosa Marea ITA"]
[Date "1996.09.??"]
[Round "?"]
[White "Scattareggia, Domenico"]
[Black "Ragonese, Lucio Rosario"]
[Result "0-1"]
[WhiteElo "1911"]
[BlackElo "2052"]
[PlyCount "112"]
[EventDate "1996.09.01"]

1. e4 d5 2. exd5 Qxd5 3. c4 Qa5 4. Nc3 Nf6 5. d4 Ne4 6. Bd2 Nxd2 7. Qxd2 Bf5 8.
Nf3 e6 9. Nh4 Bb4 10. Nxf5 Qxf5 11. Bd3 Qg4 12. d5 O-O 13. h3 Qh4 14. O-O exd5
15. cxd5 Nd7 16. Rae1 Nf6 17. Bc2 Rad8 18. Re5 Rfe8 19. Rfe1 Rxe5 20. Rxe5 Bd6
21. f4 Bc5+ 22. Kf1 Qg3 23. Ne4 Nxe4 24. Bxe4 g6 25. Bf3 Qh2 26. Ke2 Qg1 27. a3
c6 28. b4 Qf2+ 29. Kd1 Qxd2+ 30. Kxd2 Bd6 31. Re4 cxd5 32. Rd4 Kf8 33. g3 g5
34. Bxd5 gxf4 35. g4 Be5 36. Rd3 b6 37. h4 h6 38. Ke2 Bb2 39. Kf3 Bc1 40. Ke4
Rd7 41. Kf5 Bxa3 42. Rxa3 Rxd5+ 43. Ke4 Rb5 44. Rxa7 Rxb4+ 45. Kf3 Kg7 46. Rc7
Kg6 47. Rc8 b5 48. h5+ Kf6 49. Rc6+ Kg7 50. Rb6 Kh7 51. Rb7 Kg7 52. Rb6 Rb1 53.
Kxf4 b4 54. Kf3 b3 55. Kg3 b2 56. Kf2 Rh1 0-1

[Event "XXXVIII Festival A"]
[Site "Imperia ITA"]
[Date "1996.09.??"]
[Round "1"]
[White "Arlandi, Ennio"]
[Black "Cirabisi, Federico"]
[WhiteElo "2445"]
[BlackElo "2180"]
[Result "1-0"]
[PlyCount "43"]
[EventDate "1996.09.01"]

1. d4 d5 2. c4 e5 3. dxe5 d4 4. Nf3 Nc6 5. g3 Be6 6. Nbd2 Qd7 7. Bg2 h5 8. Qa4
h4 9. Nxh4 Be7 10. Bxc6 bxc6 11. Nhf3 Nh6 12. Nxd4 O-O 13. N2f3 Nf5 14. Nxe6
Qxe6 15. O-O f6 16. e4 Nh6 17. Nd4 Qh3 18. Bxh6 Qxh6 19. Nf5 Qh3 20. Qxc6 Rae8
21. Qe6+ Kh7 22. Nxg7 1-0

[Event "XXXVIII Festival A"]
[Site "Imperia ITA"]
[Date "1996.09.??"]
[Round "1"]
[White "Babula, Vlastimil"]
[Black "Everet, Alexandro"]
[WhiteElo "2545"]
[BlackElo "2130"]
[Result "1-0"]
[PlyCount "57"]
[EventDate "1996.09.01"]

1. e4 c5 2. Nf3 Nc6 3. d4 cxd4 4. Nxd4 e6 5. g3 Bc5 6. Nb3 Bb6 7. Bg2 Nge7 8.
O-O O-O 9. c4 f5 10. c5 Bc7 11. Nc3 d6 12. Be3 dxc5 13. Bxc5 Rb8 14. exf5 Qxd1
15. Raxd1 Rxf5 16. Rfe1 b6 17. Bd6 Bxd6 18. Rxd6 Na5 19. Nd4 Rf6 20. Ne4 Rf8
21. Nxe6 Bxe6 22. Rxe6 Nf5 23. Nd6 Nd4 24. Re7 h6 25. Rxa7 Rfd8 26. Bd5+ Kh7
27. Ree7 Nb7 28. Raxb7 Rxb7 29. Be4+ 1-0

[Event "XXXVIII Festival A"]
[Site "Imperia ITA"]
[Date "1996.09.??"]
[Round "1"]
[White "Barlocco, Carlo"]
[Black "Pujos, Stephane"]
[WhiteElo "2195"]
[BlackElo "2033"]
[Result "1-0"]
[PlyCount "111"]
[EventDate "1996.09.01"]

1. f4 d5 2. Nf3 Nf6 3. e3 c5 4. Be2 Bg4 5. O-O e6 6. b3 Nc6 7. Bb2 Qc7 8. d3
Bd6 9. Nbd2 O-O-O 10. h3 Bh5 11. a3 Rhg8 12. Kh1 Nd7 13. d4 Bxf3 14. Nxf3 f6
15. c4 g5 16. f5 Nb6 17. dxc5 Bxc5 18. Bxf6 Rdf8 19. Bxg5 Rxf5 20. b4 Bf8 21.
cxd5 Rxd5 22. Qb3 Qg3 23. e4 Rgxg5 24. Nxg5 Qxb3 25. exd5 Bg7 26. Nxe6 Bxa1 27.
Rf8+ Kd7 28. Nc5+ Ke7 29. Nxb3 Nxd5 30. Rf5 Nc3 31. Bc4 Bb2 32. b5 Nd8 33. Rf3
Na4 34. Nd2 Nb6 35. Bg8 h6 36. Nc4 Bd4 37. Na5 Nd7 38. Nc4 Nf6 39. Ne3 Bb2 40.
Nd5+ Nxd5 41. Bxd5 a6 42. bxa6 bxa6 43. Rb3 Bd4 44. Rb8 Bc5 45. a4 a5 46. Ra8
Bb4 47. Ra6 Bd2 48. Kg1 Nf7 49. Bxf7 Kxf7 50. Kf2 Kg7 51. g4 Bb4 52. Kf3 Be1
53. Ke4 Bb4 54. Kf5 Bd2 55. Ra7+ Kf8 56. Kg6 1-0

[Event "XXXVIII Festival A"]
[Site "Imperia ITA"]
[Date "1996.09.??"]
[Round "1"]
[White "Blasco, Domenico"]
[Black "Mocchi, Tullio"]
[WhiteElo "2220"]
[BlackElo "2161"]
[Result "0-1"]
[PlyCount "140"]
[EventDate "1996.09.01"]

1. d4 Nf6 2. e3 b6 3. f4 Bb7 4. Nf3 g6 5. Bd3 Bg7 6. O-O O-O 7. Nbd2 d5 8. Ng5
h6 9. Nh3 e6 10. Qf3 c5 11. c3 Nc6 12. g4 Ne7 13. g5 Ne8 14. gxh6 Bxh6 15. Kh1
Nf5 16. Rg1 Qh4 17. Nf1 Nf6 18. Bd2 Qh5 19. Qg2 Nh4 20. Ng3 Qf3 21. Qxf3 Nxf3
22. Rg2 a5 23. Rf1 Nh4 24. Rgg1 Kh8 25. Ne2 Ba6 26. Bxa6 Rxa6 27. Ng5 c4 28.
Rd1 Ra7 29. Rg3 Kg7 30. Ng1 Bxg5 31. Rxg5 Ne4 32. Rg2 Nxg2 33. Kxg2 f6 34. Nf3
Rb7 35. Kf1 Rh8 36. Kg2 b5 37. a3 Rhb8 38. Be1 Ra8 39. h4 Rh8 40. Ra1 Nd6 41.
Bf2 Nf5 42. Kf1 Rhb8 43. Ke2 Kf7 44. Be1 Rh8 45. Kd2 Rhb8 46. Ke2 Ke7 47. Kf2
Nd6 48. Ke2 Ne4 49. Ra2 Kd6 50. Ra1 Kc6 51. Kd1 Rh8 52. Ke2 Rbh7 53. Ra2 Nd6
54. Ra1 Nf5 55. Bf2 Nxh4 56. Nxh4 Rxh4 57. Bxh4 Rxh4 58. Rg1 g5 59. fxg5 fxg5
60. Rg2 g4 61. Kf2 b4 62. axb4 axb4 63. Ke2 b3 64. Kf2 Rh1 65. Rxg4 Rb1 66. e4
Rxb2+ 67. Ke1 Ra2 68. Kd1 Ra1+ 69. Kd2 b2 70. exd5+ Kd6 0-1

[Event "XXXVIII Festival A"]
[Site "Imperia ITA"]
[Date "1996.09.??"]
[Round "1"]
[White "Bonugli, Carlo"]
[Black "Reznicek, Tomas"]
[WhiteElo "2070"]
[BlackElo "2265"]
[Result "1/2-1/2"]
[PlyCount "139"]
[EventDate "1996.09.01"]

1. e4 Nf6 2. e5 Nd5 3. c4 Nb6 4. c5 Nd5 5. Bc4 c6 6. Nc3 Nxc3 7. dxc3 d5 8.
cxd6 exd6 9. exd6 Bxd6 10. Nf3 O-O 11. O-O Qc7 12. h3 Nd7 13. Bd3 Nc5 14. Bc2
Ne6 15. Ng5 Nxg5 16. Bxg5 Be6 17. Qd3 g6 18. Qd4 Be5 19. Qh4 Qb6 20. Be7 Rfe8
21. Ba3 Rad8 22. Rfe1 Bg7 23. Qe4 Rd2 24. Re2 Red8 25. Rae1 h6 26. Bb1 Bf5 27.
Qe3 Rxe2 28. Qxe2 Bxb1 29. Rxb1 Bxc3 30. Rd1 Bd4 31. Rd2 Bxf2+ 32. Kh1 Bd4 33.
Qe7 Bf6 34. Rxd8+ Qxd8 35. Qe2 Kg7 36. b3 Qd4 37. Bc1 Qa1 38. Qc2 Kg8 39. Kh2
Qe5+ 40. g3 Kg7 41. Kg2 h5 42. h4 b5 43. Qxc6 Qe2+ 44. Kh3 Qf1+ 45. Kh2 Bd4 46.
Qh1 Qxh1+ 47. Kxh1 Kf6 48. Kg2 Kf5 49. Kf3 Bc3 50. Be3 f6 51. Bxa7 g5 52. hxg5
fxg5 53. a4 bxa4 54. bxa4 Ke5 55. Bb6 g4+ 56. Kg2 Kd5 57. Kf2 Kc6 58. a5 Be5
59. Kg2 Kb5 60. Kf2 Bd6 61. Kg2 Bb8 62. Kf2 Be5 63. Kg2 Bb2 64. Kf2 Bc1 65. Kg2
Bg5 66. Kf2 Bh6 67. Ke2 Bg7 68. Ke3 Be5 69. Kf2 Bc3 70. Ke3 1/2-1/2

[Event "XXXVIII Festival A"]
[Site "Imperia ITA"]
[Date "1996.09.??"]
[Round "1"]
[White "Bozzi, Gianni"]
[Black "Mollero, Michele"]
[WhiteElo "2250"]
[BlackElo "2030"]
[Result "1/2-1/2"]
[PlyCount "40"]
[EventDate "1996.09.01"]

1. d4 d5 2. e3 Nf6 3. f4 Bf5 4. Nf3 e6 5. Be2 Bd6 6. O-O h5 7. c4 c6 8. Ne5
Nbd7 9. Nd2 Ne4 10. Ndf3 f6 11. Nxd7 Qxd7 12. Nh4 Bg4 13. Bxg4 hxg4 14. g3 f5
15. Qe2 Kf7 16. Bd2 Rh5 17. Be1 Rah8 18. Rc1 Bb8 19. Rc2 Qd6 20. Qd3 g6 1/2-1/2

[Event "XXXVIII Festival A"]
[Site "Imperia ITA"]
[Date "1996.09.??"]
[Round "1"]
[White "Cech, Pavel"]
[Black "Stodola, Jaroslav"]
[WhiteElo "2325"]
[BlackElo "2130"]
[Result "1-0"]
[PlyCount "55"]
[EventDate "1996.09.01"]

1. d4 Nf6 2. c4 c5 3. d5 e6 4. Nc3 exd5 5. cxd5 d6 6. Nf3 g6 7. g3 Bg7 8. Bg2
O-O 9. O-O Nbd7 10. Bf4 Nb6 11. Qb3 Re8 12. a4 Ne4 13. a5 c4 14. Qd1 Bxc3 15.
axb6 Bxb2 16. Rxa7 Nc3 17. Qc2 Nxe2+ 18. Kh1 Nxf4 19. Rxa8 c3 20. gxf4 Qxb6 21.
Bh3 Bxh3 22. Rxe8+ Kg7 23. Rfe1 Qb5 24. Qe4 Bf5 25. Qd4+ Kh6 26. Rh8 c2 27. Ng5
Qxd5+ 28. Kg1 1-0

[Event "XXXVIII Festival A"]
[Site "Imperia ITA"]
[Date "1996.09.??"]
[Round "1"]
[White "Colombo, Paolo"]
[Black "Bancod, Ronald"]
[WhiteElo "2205"]
[BlackElo "2400"]
[Result "0-1"]
[PlyCount "94"]
[EventDate "1996.09.01"]

1. d4 Nf6 2. Nf3 c5 3. c3 cxd4 4. cxd4 g6 5. Nc3 d5 6. Bf4 Bg7 7. h3 O-O 8. Qb3
Nc6 9. e3 Na5 10. Qa3 Bf5 11. Be2 Nc4 12. Qb3 Na5 13. Qa3 a6 14. O-O Nc4 15.
Qb3 Na5 16. Qa3 b5 17. Rac1 Nc4 18. Qb4 Re8 19. a4 Bf8 20. Be5 e6 21. Qb3 Ne4
22. Rfd1 Nxc3 23. Qxc3 b4 24. Qb3 Na5 25. Qa2 b3 26. Qa1 Bc2 27. Rd2 Qb6 28.
Rcxc2 bxc2 29. Rxc2 Nb3 30. Qd1 Rec8 31. Qd3 a5 32. e4 Qb4 33. exd5 exd5 34.
Rxc8 Rxc8 35. Qa6 Rc1+ 36. Kh2 Qe7 37. Qa8 Nxd4 38. Bxd4 Qxe2 39. Qxd5 Rd1 40.
Qd8 Qe7 41. Qa8 Rxd4 42. Nxd4 Qd6+ 43. Kg1 Qxd4 44. Qxa5 Bc5 45. Qa8+ Kg7 46.
Qf3 Qxb2 47. a5 Qa1+ 0-1

[Event "XXXVIII Festival A"]
[Site "Imperia ITA"]
[Date "1996.09.??"]
[Round "1"]
[White "Cugini, Verter"]
[Black "Botta, Tibor"]
[WhiteElo "2255"]
[BlackElo "2215"]
[Result "1-0"]
[PlyCount "35"]
[EventDate "1996.09.01"]

1. e4 e6 2. d4 d5 3. Nd2 dxe4 4. Nxe4 Bd7 5. Nf3 Bc6 6. Bd3 Nd7 7. O-O Ngf6 8.
Ng3 Bd6 9. Re1 O-O 10. c4 Re8 11. Bd2 Nb6 12. Be3 Ng4 13. Bxh7+ Kf8 14. Bd3
Nxe3 15. fxe3 Bxg3 16. hxg3 Qf6 17. Ne5 Ke7 18. Rf1 1-0

[Event "XXXVIII Festival A"]
[Site "Imperia ITA"]
[Date "1996.09.??"]
[Round "1"]
[White "De Palma, Fabrizio"]
[Black "Jandourek, Lukas"]
[WhiteElo "1866"]
[BlackElo "2220"]
[Result "1/2-1/2"]
[PlyCount "119"]
[EventDate "1996.09.01"]

1. d4 d5 2. Nf3 Nf6 3. c4 c6 4. Nc3 dxc4 5. a4 Bf5 6. Nh4 e6 7. Bg5 Be7 8. Nxf5
exf5 9. e3 h6 10. Bxf6 Bxf6 11. Bxc4 O-O 12. O-O f4 13. Qh5 Nd7 14. a5 Qe7 15.
Qf3 fxe3 16. fxe3 Rae8 17. Rfe1 Qb4 18. Ba2 Re7 19. Re2 Rfe8 20. a6 Rxe3 21.
Qh5 Qf8 22. Rxe3 Rxe3 23. axb7 Bxd4 24. Kh1 Re7 25. Qg4 Bxc3 26. bxc3 Nc5 27.
Qc8 Nxb7 28. Qxc6 Qd8 29. h3 Rc7 30. Qf3 Nd6 31. Bd5 Qe7 32. Rb1 Ne8 33. c4 g6
34. Qg3 Kg7 35. Re1 Qd6 36. Qc3+ Qf6 37. Qa5 Re7 38. Rxe7 Qxe7 39. c5 Qc7 40.
Qc3+ Kf8 41. c6 h5 42. Qe3 a5 43. Qh6+ Ke7 44. Qe3+ Kd8 45. Qa3 h4 46. Qf8 Qe7
47. Qxf7 Qxf7 48. Bxf7 g5 49. g3 hxg3 50. Kg2 a4 51. Kxg3 Ke7 52. Ba2 Nf6 53.
Kf3 Kd6 54. Ke3 Kxc6 55. Kd4 Kb5 56. Ke5 g4 57. hxg4 Nxg4+ 58. Kd4 Kb4 59. Kd3
Ka3 60. Be6 1/2-1/2

[Event "XXXVIII Festival A"]
[Site "Imperia ITA"]
[Date "1996.09.??"]
[Round "1"]
[White "Garrido, Denis"]
[Black "Budka, Jan"]
[WhiteElo "2215"]
[BlackElo "2018"]
[Result "1-0"]
[PlyCount "95"]
[EventDate "1996.09.01"]

1. d4 Nf6 2. c4 e6 3. Nf3 b6 4. a3 Bb7 5. Nc3 Be7 6. d5 exd5 7. cxd5 O-O 8. g3
Re8 9. Bg2 d6 10. O-O Nbd7 11. Nd4 Bf8 12. e4 Nc5 13. Re1 a5 14. b3 Qd7 15. f3
g6 16. Bf1 Ba6 17. Rb1 Bxf1 18. Rxf1 Qh3 19. Ncb5 Na6 20. Rf2 Bg7 21. Rc2 Rac8
22. Qf1 Qxf1+ 23. Kxf1 Nd7 24. b4 Ne5 25. Bd2 axb4 26. axb4 h5 27. Kg2 Nd7 28.
Rbc1 Bxd4 29. Nxd4 Ne5 30. Nb5 Nd3 31. Nxd6 Nxc1 32. Nxe8 Nb3 33. Nf6+ Kg7 34.
Bc3 Kf8 35. e5 Rd8 36. Kf2 Nb8 37. Ke3 c5 38. bxc5 bxc5 39. Rb2 c4 40. Rc2 Na6
41. d6 Kg7 42. Ne4 Kf8 43. g4 Rb8 44. Bd4 Rc8 45. Bc3 Rb8 46. Be1 Rc8 47. h3
Nb8 48. Nf6 1-0

[Event "XXXVIII Festival A"]
[Site "Imperia ITA"]
[Date "1996.09.??"]
[Round "1"]
[White "Hitzgerova, Gabriela"]
[Black "Lostuzzi, Manlio"]
[WhiteElo "2125"]
[BlackElo "2340"]
[Result "1/2-1/2"]
[PlyCount "67"]
[EventDate "1996.09.01"]

1. e4 e5 2. Nf3 Nc6 3. Bb5 Bc5 4. O-O Qf6 5. c3 Nge7 6. d3 h6 7. Be3 Bb6 8.
Bxb6 axb6 9. d4 O-O 10. Na3 d6 11. Nc2 Ng6 12. g3 Ra5 13. Be2 Re8 14. d5 Nb8
15. Ne3 Bh3 16. Re1 Nd7 17. Bf1 Bxf1 18. Rxf1 Ne7 19. Nd2 Qg6 20. Qc2 Nf6 21.
Kh1 Raa8 22. a3 Ng4 23. Nxg4 Qxg4 24. f3 Qg6 25. Qd1 f5 26. Qe2 fxe4 27. fxe4
Rf8 28. Rxf8+ Rxf8 29. Rf1 Rxf1+ 30. Qxf1 Qf7 31. Qxf7+ Kxf7 32. Kg2 b5 33. c4
bxc4 34. Nxc4 1/2-1/2